[Event "GER-ch U18 Girls"]
[Site "Willingen"]
[Date "2023.06.02"]
[Round "8"]
[White "Avetyan, Manan"]
[Black "Evering, Enna"]
[Result "0-1"]
[WhiteElo "1368"]
[BlackElo "1548"]
[PlyCount "90"]
[EventDate "2023.05.27"]
[EventType "swiss"]
[EventRounds "9"]
[EventCountry "GER"]
[SourceTitle "CBM 214 Extra"]
[Source "ChessBase"]
[SourceDate "2023.07.31"]
[SourceVersion "1"]
[SourceVersionDate "2023.07.31"]
[SourceQuality "1"]

1. e4 e5 2. Nf3 Nc6 3. d4 exd4 4. Nxd4 Qf6 5. Nxc6 Bc5 6. Qe2 dxc6 7. Nc3 Ne7 8. a3 Be6 9. Be3 Bxe3 10. Qxe3 0-0 11. 0-0-0 b5 12. Bd3 Ng6 13. g3 a5 14. f4 b4 15. Nb1 bxa3 16. Nxa3 Bg4 17. e5 Qe7 18. Rdf1 Bd7 19. Re1 Rfe8 20. Rhg1 f5 21. h3 Be6 22. g4 Qd7 23. gxf5 Bxf5 24. Bxf5 Qxf5 25. Rg5 Qxf4 26. e6 Rxe6 27. Qxf4 Rxe1+ 28. Kd2 Nxf4 29. Kxe1 Nxh3 30. Rc5 Re8+ 31. Kd2 Re6 32. Rxa5 Nf4 33. Nc4 Nd5 34. c3 Kf7 35. Rc5 Kf6 36. Na5 Ne7 37. Kd3 Re5 38. Kd4 Rxc5 39. Kxc5 h5 40. Nc4 h4 41. Ne3 Ke5 42. Nf1 h3 43. Nh2 g5 44. b4 Kf4 45. Kd4 g4 0-1

[Event "GER-ch U18 Girls"]
[Site "Willingen"]
[Date "2023.06.01"]
[Round "7"]
[White "Glowiak, Alexandra"]
[Black "Avetyan, Manan"]
[Result "1-0"]
[WhiteElo "1660"]
[BlackElo "1368"]
[PlyCount "97"]
[EventDate "2023.05.27"]
[EventType "swiss"]
[EventRounds "9"]
[EventCountry "GER"]
[SourceTitle "CBM 214 Extra"]
[Source "ChessBase"]
[SourceDate "2023.07.31"]
[SourceVersion "1"]
[SourceVersionDate "2023.07.31"]
[SourceQuality "1"]

1. e4 e5 2. Nf3 Nc6 3. Bc4 Bc5 4. c3 Nf6 5. d3 d6 6. 0-0 a6 7. Bb3 h6 8. Re1 Ba7 9. Bc2 Bg4 10. Be3 Bxe3 11. Rxe3 Qd7 12. Nbd2 Bh5 13. Nf1 g5 14. Ng3 Bg6 15. d4 0-0-0 16. Qd2 Qe7 17. Rd1 Bh7 18. dxe5 dxe5 19. Qe2 Rhg8 20. Rxd8+ Rxd8 21. Nf5 Qe6 22. Bb3 Qd7 23. Nxh6 Bg6 24. Nxg5 Rf8 25. Qf3 Qe7 26. Nf5 Bxf5 27. Qxf5+ Kb8 28. Nh7 Nxh7 29. Qxh7 Na5 30. h4 Qd7 31. Qh5 f6 32. Qe2 Rh8 33. h5 Nxb3 34. axb3 Qe6 35. b4 Qf7 36. Rh3 f5 37. exf5 Qxf5 38. h6 Qg5 39. Qe3 Qf6 40. h7 Qf5 41. Qh6 Qf7 42. g4 Qd7 43. Qg6 Qd1+ 44. Kh2 Qf1 45. Qg8+ Ka7 46. Rf3 e4 47. Rf5 e3 48. Qxh8 exf2 49. Qd4+ 1-0

[Event "GER-ch U18 Girls"]
[Site "Willingen"]
[Date "2023.05.28"]
[Round "2"]
[White "Dohon, Maria Johanna"]
[Black "Avetyan, Manan"]
[Result "1/2-1/2"]
[WhiteElo "1507"]
[BlackElo "1368"]
[PlyCount "56"]
[EventDate "2023.05.27"]
[EventType "swiss"]
[EventRounds "9"]
[EventCountry "GER"]
[SourceTitle "CBM 214 Extra"]
[Source "ChessBase"]
[SourceDate "2023.07.31"]
[SourceVersion "1"]
[SourceVersionDate "2023.07.31"]
[SourceQuality "1"]

1. d4 Nf6 2. c4 g6 3. Nc3 Bg7 4. e4 d6 5. f3 0-0 6. Be3 e5 7. Nge2 Nc6 8. Qd2 Ne7 9. d5 Nd7 10. g4 Nb6 11. Ng3 f5 12. gxf5 gxf5 13. Bh6 Ng6 14. Bxg7 Kxg7 15. Bd3 fxe4 16. fxe4 Bg4 17. Nf5+ Kh8 18. Qh6 Bxf5 19. exf5 Nf4 20. Be4 Rf6 21. Qh4 Nxc4 22. Nd1 Rc8 23. Rg1 Qe7 24. b3 Nb6 25. Ne3 h5 26. Ng4 Rf7 27. f6 Qf8 28. Bf5 Re8 1/2-1/2

[Event "GER-chT Lands U20"]
[Site "Berlin"]
[Date "2020.10.02"]
[Round "5.6"]
[White "Avetyan, Manan"]
[Black "Schiewe, Nadine"]
[Result "0-1"]
[WhiteElo "1356"]
[BlackElo "1660"]
[PlyCount "58"]
[EventDate "2020.09.29"]
[EventType "team-swiss"]
[EventRounds "7"]
[EventCountry "GER"]
[SourceTitle "CBM 198 Extra"]
[Source "ChessBase"]
[SourceDate "2020.11.30"]
[SourceVersion "1"]
[SourceVersionDate "2020.11.30"]
[SourceQuality "1"]
[WhiteTeam "Mecklenburg Vorpommern U20"]
[BlackTeam "Brandenburg U20"]
[WhiteTeamCountry "GER"]
[BlackTeamCountry "GER"]

1. e4 d5 2. exd5 Qxd5 3. Nc3 Qa5 4. d4 c6 5. Bd2 Qc7 6. Nf3 Nf6 7. h3 Bf5 8. Be2 e6 9. 0-0 Bd6 10. Re1 Nbd7 11. a3 0-0 12. Nh4 Bg6 13. Bc4 Rad8 14. Ne2 e5 15. Nxg6 hxg6 16. Bg5 Nb6 17. Bb3 exd4 18. Qd3 Kh7 19. Qf3 Be5 20. Bf4 Rfe8 21. Rad1 c5 22. Bxe5 Rxe5 23. Ng3 Rde8 24. Kf1 Qd7 25. Rxe5 Rxe5 26. Re1 Qb5+ 27. Re2 Rxe2 28. Nxe2 Nc4 29. a4 Nd2+ 0-1

[Event "GER-chT Lands U20"]
[Site "Berlin"]
[Date "2020.10.02"]
[Round "4.3"]
[White "Besou, Hussain"]
[Black "Avetyan, Manan"]
[Result "1-0"]
[WhiteElo "1825"]
[BlackElo "1356"]
[PlyCount "49"]
[EventDate "2020.09.29"]
[EventType "team-swiss"]
[EventRounds "7"]
[EventCountry "GER"]
[SourceTitle "CBM 198 Extra"]
[Source "ChessBase"]
[SourceDate "2020.11.30"]
[SourceVersion "1"]
[SourceVersionDate "2020.11.30"]
[SourceQuality "1"]
[WhiteTeam "Nordrhein Westfalen U20"]
[BlackTeam "Mecklenburg Vorpommern U20"]
[WhiteTeamCountry "GER"]
[BlackTeamCountry "GER"]

1. e4 e5 2. Nf3 Nc6 3. Bb5 Nge7 4. c3 d6 5. d4 a6 6. Ba4 b5 7. Bb3 g6 8. Ng5 d5 9. exd5 Nxd5 10. Qf3 Be6 11. Nxe6 fxe6 12. 0-0 Bg7 13. a4 Rf8 14. Qh3 Qf6 15. axb5 Nb8 16. bxa6 Rxa6 17. Rxa6 Nxa6 18. Qd3 Nb8 19. Qb5+ Nd7 20. Bxd5 exd5 21. Qxd5 Ke7 22. f4 c6 23. Qe4 Kd8 24. dxe5 Qe6 25. Nd2 1-0

[Event "GER-chT School WK 3"]
[Site "Playchess.com INT"]
[Date "2020.06.15"]
[Round "1.2"]
[White "Avetyan, Manan"]
[Black "Wusterack, Paul"]
[Result "1/2-1/2"]
[WhiteElo "1710"]
[BlackElo "1547"]
[PlyCount "78"]
[EventDate "2020.06.15"]
[EventType "team-swiss (blitz)"]
[EventRounds "5"]
[EventCountry "GER"]
[SourceTitle "EXT 2021"]
[Source "ChessBase"]
[SourceDate "2020.10.23"]
[SourceVersion "1"]
[SourceVersionDate "2020.10.23"]
[SourceQuality "1"]
[WhiteTeam "Wismar G Hausmann Gymn"]
[BlackTeam "Lueneburg W Rabe"]
[WhiteTeamCountry "GER"]
[BlackTeamCountry "GER"]

1. e4 d5 2. exd5 Nf6 3. Nc3 Nxd5 4. Bc4 Nxc3 5. bxc3 g6 6. d4 Bg7 7. Nf3 0-0 8. 0-0 Nd7 9. Re1 Nf6 10. Be3 Bf5 11. Qd2 Ne4 12. Qc1 Nxc3 13. Bh6 Ne4 14. c3 c6 15. h3 Nd6 16. Bb3 a5 17. a4 b5 18. Bxg7 Kxg7 19. g4 Be4 20. Ng5 Bd5 21. Bxd5 cxd5 22. Qe3 Ra7 23. Qf3 e6 24. Qe3 Nc4 25. Qc1 bxa4 26. Rxa4 Qd7 27. Ra2 a4 28. Nf3 Rfa8 29. Ne5 Nxe5 30. Rxe5 Qc6 31. Qc2 Qc4 32. Qd2 a3 33. Re1 Rb8 34. Rea1 Rba8 35. Rb1 Ra6 36. Rba1 R8a7 37. Rb1 Ra8 38. Rba1 R8a7 39. Rb1 Ra8 1/2-1/2

[Event "GER-ch U14 Girls"]
[Site "Willingen"]
[Date "2019.06.11"]
[Round "4"]
[White "Li, Zixin"]
[Black "Avetyan, Manan"]
[Result "0-1"]
[WhiteElo "1284"]
[BlackElo "1307"]
[PlyCount "60"]
[EventDate "2019.06.08"]
[EventType "swiss"]
[EventRounds "9"]
[EventCountry "GER"]
[SourceTitle "CBM 191 Extra"]
[Source "ChessBase"]
[SourceDate "2019.09.30"]
[SourceVersion "1"]
[SourceVersionDate "2019.09.30"]
[SourceQuality "1"]

1. e4 e5 2. Nf3 Nc6 3. d4 exd4 4. Nxd4 Bc5 5. Nb3 Bb6 6. Nc3 Qf6 7. Qe2 Nge7 8. Be3 Bxe3 9. Qxe3 0-0 10. 0-0-0 a6 11. f4 d6 12. h3 Qh6 13. g4 Bxg4 14. Be2 Bxe2 15. Nxe2 Rfe8 16. Rdg1 Nf5 17. Qf3 Nh4 18. Qd3 Nb4 19. Qc4 c5 20. Rg4 b5 21. Rxg7+ Qxg7 22. Qxb4 cxb4 23. Rg1 Ng2 24. e5 Kf8 25. Nd2 Rad8 26. Nf3 h6 27. Ned4 Qg6 28. f5 Qg3 29. h4 dxe5 30. Nxe5 Rxe5 0-1

[Event "Mecklenburg VP-ch U14 Girls"]
[Site "Malchow"]
[Date "2019.02.05"]
[Round "5.2"]
[White "Feige, Adelina"]
[Black "Avetyan, Manan"]
[Result "0-1"]
[WhiteElo "1350"]
[BlackElo "1307"]
[PlyCount "80"]
[EventDate "2019.02.02"]
[EventType "tourn"]
[EventRounds "7"]
[EventCountry "GER"]
[SourceTitle "EXT 2022"]
[Source "ChessBase"]
[SourceDate "2021.10.06"]
[SourceVersion "1"]
[SourceVersionDate "2021.10.06"]
[SourceQuality "1"]

1. d4 d5 2. c4 e6 3. Nc3 Nf6 4. cxd5 exd5 5. Bg5 Be7 6. Nf3 0-0 7. e3 Re8 8. Qb3 c6 9. Bd3 Nbd7 10. 0-0 Ne4 11. Bf4 Ndf6 12. Be5 Bd6 13. Qc2 Bg4 14. Bxf6 Qxf6 15. Nxe4 dxe4 16. Bxe4 Qh6 17. h3 Rxe4 18. Rfe1 Bxf3 19. gxf3 Re6 20. Kf1 Bb4 21. Red1 Rae8 22. a3 Bd6 23. Qc4 Qxh3+ 24. Ke2 Rf6 25. Kd2 Qxf3 26. Qe2 Qxf2 27. Kd3 Rxe3+ 28. Qxe3 Rf3 29. Re1 Rxe3+ 30. Rxe3 Qxb2 31. Re8+ Bf8 32. Rae1 Qxa3+ 33. Ke4 h5 34. Rb1 f5+ 35. Kf4 b5 36. Rbe1 g6 37. Rb8 Qd6+ 38. Kg5 Qxb8 39. Rg1 Kf7 40. Rg2 Be7+ 0-1

[Event "Mecklenburg VP-ch U14 Girls"]
[Site "Malchow"]
[Date "2018.02.07"]
[Round "5.3"]
[White "Sohrweide, Milena"]
[Black "Avetyan, Manan"]
[Result "1/2-1/2"]
[WhiteElo "1100"]
[BlackElo "1307"]
[PlyCount "88"]
[EventDate "2018.02.07"]
[EventType "tourn"]
[EventRounds "5"]
[EventCountry "GER"]
[SourceTitle "EXT 2022"]
[Source "ChessBase"]
[SourceDate "2021.10.06"]
[SourceVersion "1"]
[SourceVersionDate "2021.10.06"]
[SourceQuality "1"]

1. e4 e5 2. Nf3 Nc6 3. Bb5 a6 4. Ba4 Nf6 5. Nc3 Be7 6. d3 0-0 7. 0-0 b5 8. Bb3 d6 9. Nd5 Be6 10. Bd2 Qd7 11. Nxf6+ Bxf6 12. Bxe6 Qxe6 13. Ng5 Bxg5 14. Bxg5 Qg6 15. Bd2 f5 16. f3 f4 17. c3 Rad8 18. Qb3+ Kh8 19. c4 Nd4 20. Qd1 h5 21. Bc3 h4 22. h3 Ne6 23. Kh1 Rf6 24. Rg1 Qg3 25. Be1 Qg5 26. Bf2 Rg6 27. Qe2 bxc4 28. dxc4 c6 29. Rad1 Nc7 30. Bb6 Rc8 31. Bxc7 Rxc7 32. a4 a5 33. Qe1 Rb7 34. Rb1 Qd8 35. b4 axb4 36. Rxb4 Rxb4 37. Qxb4 d5 38. cxd5 cxd5 39. exd5 Qxd5 40. Qe4 Qe6 41. Ra1 Qe8 42. a5 Ra6 43. Qa4 Qb8 44. Qc4 Qb7 1/2-1/2

[Event "GER-ch U12 Girls"]
[Site "Willingen"]
[Date "2017.06.09"]
[Round "10"]
[White "Avetyan, Manan"]
[Black "Derling, Charlotte"]
[Result "0-1"]
[WhiteElo "1284"]
[BlackElo "1073"]
[PlyCount "42"]
[EventDate "2017.06.04"]
[EventType "swiss"]
[EventRounds "11"]
[EventCountry "GER"]
[SourceTitle "CBM 178 Extra"]
[Source "ChessBase"]
[SourceDate "2017.06.22"]
[SourceVersion "1"]
[SourceVersionDate "2017.06.22"]
[SourceQuality "1"]

1. e4 e5 2. Nf3 Nc6 3. d4 exd4 4. Nxd4 Qh4 5. Nc3 Bb4 6. Qd3 Nf6 7. Bd2 a6 8. Nf5 Qg4 9. h3 Qg6 10. 0-0-0 d6 11. Re1 Be6 12. g4 h6 13. Nd5 Bxd2+ 14. Qxd2 0-0-0 15. Qc3 Nxd5 16. exd5 Bxd5 17. Re7 Bxh1 18. b4 Qg5+ 19. Kb2 Nxe7 20. Nxe7+ Qxe7 21. Qxg7 Qe5+ 0-1

[Event "GER-ch U12 Girls"]
[Site "Willingen"]
[Date "2017.06.09"]
[Round "9"]
[White "Fayngold, Sophie Olivia"]
[Black "Avetyan, Manan"]
[Result "0-1"]
[WhiteElo "1139"]
[BlackElo "1284"]
[PlyCount "88"]
[EventDate "2017.06.04"]
[EventType "swiss"]
[EventRounds "11"]
[EventCountry "GER"]
[SourceTitle "CBM 178 Extra"]
[Source "ChessBase"]
[SourceDate "2017.06.22"]
[SourceVersion "1"]
[SourceVersionDate "2017.06.22"]
[SourceQuality "1"]

1. e4 e5 2. Nf3 Nc6 3. Bc4 Be7 4. d3 Nf6 5. c3 d5 6. exd5 Nxd5 7. Bb3 Bf5 8. Bc2 Qd6 9. 0-0 0-0 10. Re1 Rfe8 11. d4 Bxc2 12. Qxc2 Bf6 13. dxe5 Nxe5 14. Nxe5 Bxe5 15. g3 Re6 16. Nd2 Bxg3 17. Rxe6 Bxh2+ 18. Kf1 Qxe6 19. Nf3 Qh3+ 20. Ke2 Re8+ 21. Be3 Nxe3 22. fxe3 Qg2+ 23. Kd1 Qf1+ 24. Ne1 Rd8+ 25. Qd2 Rxd2+ 26. Kxd2 f5 27. Rd1 f4 28. Kc1 fxe3 29. Rd8+ Kf7 30. Rd7+ Ke6 31. Rd3 Qxe1+ 32. Rd1 Qf2 33. Kb1 e2 34. Rc1 e1R 35. Rxe1+ Qxe1+ 36. Kc2 g5 37. Kb3 g4 38. Kc4 g3 39. Kd3 g2 40. Kc2 g1Q 41. Kb3 Qe4 42. a3 a5 43. Ka2 Qgb1+ 44. Kb3 a4# 0-1

[Event "Mecklenburg VP-ch Youth"]
[Site "Malchow"]
[Date "2017.02.14"]
[Round "3.2"]
[White "Avetyan, Manan"]
[Black "Sohrweide, Milena"]
[Result "1-0"]
[WhiteElo "957"]
[BlackElo "1066"]
[PlyCount "41"]
[EventDate "2017.02.08"]
[EventType "swiss"]
[EventRounds "7"]
[EventCountry "GER"]
[SourceTitle "EXT 2022"]
[Source "ChessBase"]
[SourceDate "2021.10.06"]
[SourceVersion "1"]
[SourceVersionDate "2021.10.06"]
[SourceQuality "1"]

1. e4 e5 2. Nf3 Nc6 3. d4 exd4 4. Nxd4 Ne5 5. Nc3 Nf6 6. Bf4 d6 7. Bc4 Nxc4 8. Qe2 Ne5 9. Bxe5 dxe5 10. Qb5+ Qd7 11. Qxe5+ Qe7 12. Qf4 Qd6 13. e5 Nd5 14. Nxd5 Qxd5 15. 0-0 Bd7 16. b3 Qc5 17. Rad1 g6 18. Qf6 Bg4 19. e6 Bxd1 20. Qxf7+ Kd8 21. Qd7# 1-0

[Event "Mecklenburg VP U12 Girls"]
[Site "Malchow"]
[Date "2016.02.02"]
[Round "7.3"]
[White "Mueller, Sophie Charlotte"]
[Black "Avetyan, Manan"]
[Result "1/2-1/2"]
[WhiteElo "982"]
[BlackElo "876"]
[PlyCount "31"]
[EventDate "2016.02.02"]
[EventType "tourn"]
[EventRounds "7"]
[EventCountry "GER"]
[SourceTitle "EXT 2024"]
[Source "ChessBase"]
[SourceDate "2023.10.10"]
[SourceVersion "1"]
[SourceVersionDate "2023.10.10"]
[SourceQuality "1"]

1. e4 e5 2. Nf3 Nc6 3. Bc4 Bc5 4. Nc3 Nf6 5. d3 0-0 6. Bg5 h6 7. Bh4 d6 8. Nd5 Re8 9. Nxf6+ gxf6 10. 0-0 Be6 11. Bxe6 Rxe6 12. Nd2 Kh7 13. Qf3 Nd4 14. Qh5 Qg8 15. c3 Nc6 16. Qf5+ 1/2-1/2